000 00459nam a2200181Ia 4500
001 43494
008 140425s9999 xx 000 0 und d
020 _aNA
040 _cPK-LaUMT
082 _aRHC 891.4394
_bKHA-S
100 _aKhaleeq Anjam
245 _aSyed Suleman Nadvi (Urdu)
_cKhaleeq Anjam
260 _aNew Delhi,India:
_bAnjaman-e-Taraqi Urdu,
_c1986
300 _a247 p.
546 _aUR
650 _aPakistani literature-Urdu
942 _cBK
999 _c41504
_d41504